[Event "Hebraica op 32nd"]
[Site "Hebraica"]
[Date "2024.02.04"]
[Round "5"]
[White "Capelo, Martinho Figueira"]
[Black "Palatnic, Armando"]
[Result "0-1"]
[WhiteElo "1759"]
[BlackElo "1635"]
[PlyCount "76"]
[EventDate "2024.02.02"]
[EventType "swiss"]
[EventRounds "6"]
[EventCountry "BRA"]
[SourceTitle "CB07_2024"]
[SourceDate "2024.02.14"]
[SourceVersion "1"]
[SourceVersionDate "2024.02.14"]
[SourceQuality "1"]

1. e4 c5 2. Nf3 d6 3. d4 cxd4 4. Nxd4 Nf6 5. Nc3 a6 6. Be3 Nc6 7. h3 e6 8. g4 Be7 9. Bg2 Ne5 10. 0-0 Nc4 11. Bc1 h6 12. b3 Ne5 13. f4 Ned7 14. Be3 Qc7 15. Qd2 Rb8 16. g5 hxg5 17. fxg5 Nh5 18. g6 Ne5 19. gxf7+ Nxf7 20. Nce2 Bd7 21. Rf2 Rc8 22. Raf1 Nf6 23. Nf4 Ng5 24. Qd3 Qc3 25. Nfe2 Qxd3 26. cxd3 Nxh3+ 27. Bxh3 Rxh3 28. Rf3 Rxf3 29. Rxf3 Ng4 30. Kf1 Nh2+ 31. Kg2 Nxf3 32. Kxf3 g6 33. Nc1 Kf7 34. b4 Bf6 35. Ncb3 g5 36. Kg4 Rc3 37. Bxg5 Bxg5 38. Kxg5 Rxd3 0-1

[Event "Sao Paulo op"]
[Site "Sao Paulo"]
[Date "2023.06.23"]
[Round "1"]
[White "Capelo, Martinho Figueira"]
[Black "Trindade, Renan"]
[Result "1-0"]
[WhiteElo "1771"]
[BlackElo "1773"]
[PlyCount "89"]
[EventDate "2023.06.23"]
[EventType "swiss"]
[EventRounds "6"]
[EventCountry "BRA"]
[SourceTitle "CBM 214 Extra"]
[Source "ChessBase"]
[SourceDate "2023.07.31"]
[SourceVersion "1"]
[SourceVersionDate "2023.07.31"]
[SourceQuality "1"]

1. e4 e5 2. Nf3 Nc6 3. Bc4 Bc5 4. 0-0 Nf6 5. d3 0-0 6. a4 d6 7. c3 Be6 8. Bxe6 fxe6 9. b4 Bxb4 10. cxb4 Nxb4 11. Qb3 a5 12. Qxe6+ Kh8 13. Qb3 c6 14. Bd2 Qb6 15. Na3 Nd7 16. Nc4 Nc5 17. Nxb6 Nxb3 18. Nxa8 Nxa1 19. Rxa1 Rxa8 20. Ne1 h6 21. Kf1 g5 22. Ke2 Kg7 23. Bc3 Kf6 24. d4 Rd8 25. Rb1 c5 26. dxe5+ dxe5 27. Nf3 Re8 28. Rd1 Re6 29. Nxe5 Rxe5 30. Rd6+ Ke7 31. Bxe5 Nc6 32. Rxc6 bxc6 33. Kd3 Ke6 34. Bc3 Kd6 35. Kc4 Kc7 36. Kxc5 h5 37. Bxa5+ Kb7 38. e5 g4 39. g3 h4 40. gxh4 g3 41. hxg3 Ka6 42. Bb6 Kb7 43. e6 Kc8 44. Kxc6 Kb8 45. e7 1-0

[Event "BRA-ch U2000 Amateurs"]
[Site "Sao Paulo"]
[Date "2022.06.18"]
[Round "5"]
[White "Capelo, Martinho Figueira"]
[Black "Sampaio, Andre Luiz"]
[Result "1-0"]
[WhiteElo "1779"]
[BlackElo "1651"]
[PlyCount "69"]
[EventDate "2022.06.16"]
[EventType "swiss"]
[EventRounds "7"]
[EventCountry "BRA"]
[SourceTitle "CBM 208 Extra"]
[Source "ChessBase"]
[SourceDate "2022.07.31"]
[SourceVersion "1"]
[SourceVersionDate "2022.07.31"]
[SourceQuality "1"]

1. e4 d5 2. exd5 Nf6 3. d4 Nxd5 4. c4 Nb6 5. Nc3 e5 6. Be3 Nc6 7. d5 Ne7 8. Nf3 Ng6 9. Bd3 Bg4 10. h3 Bxf3 11. Qxf3 Be7 12. 0-0 0-0 13. Qe2 f5 14. f4 e4 15. Bc2 Bf6 16. Rfd1 Qe7 17. c5 Nc8 18. Qc4 Kh8 19. Rab1 Rd8 20. g3 b6 21. b4 a5 22. a3 axb4 23. axb4 Ra3 24. Bb3 h5 25. Nb5 Ra8 26. Qe2 Nxf4 27. Bxf4 g6 28. Nxc7 Ra3 29. d6 Qd7 30. Qc4 bxc5 31. bxc5 g5 32. Bc1 Rxb3 33. Rxb3 f4 34. Qe6 Qg7 35. Qxf6 1-0

[Event "Sao Paulo Hebraica op 28th"]
[Site "Sao Paulo"]
[Date "2022.01.15"]
[Round "3"]
[White "Capelo, Martinho Figueira"]
[Black "Rodrigues, Leonardo De Miranda"]
[Result "0-1"]
[WhiteElo "1779"]
[BlackElo "2163"]
[PlyCount "150"]
[EventDate "2022.01.14"]
[EventType "swiss"]
[EventRounds "6"]
[EventCountry "BRA"]
[SourceTitle "CBM 206 Extra"]
[Source "ChessBase"]
[SourceDate "2022.03.31"]
[SourceVersion "1"]
[SourceVersionDate "2022.03.31"]
[SourceQuality "1"]

1. e4 c5 2. Nf3 Nc6 3. Bb5 Qc7 4. 0-0 e6 5. c3 Nf6 6. Re1 a6 7. Bxc6 Qxc6 8. d3 d6 9. Nbd2 Be7 10. Nf1 b5 11. a4 Bb7 12. axb5 axb5 13. Rxa8+ Bxa8 14. Bd2 0-0 15. Qc2 c4 16. Ng3 cxd3 17. Qxd3 Rc8 18. Nd4 Qc4 19. Qxc4 bxc4 20. f3 Nd7 21. b3 cxb3 22. Nxb3 Bf6 23. Ra1 Nb6 24. Ne2 d5 25. exd5 Bxd5 26. Nbd4 Bc4 27. Rb1 Nd5 28. Kf2 h5 29. Ng3 Bd3 30. Rb3 Nxc3 31. Nde2 Nd1+ 32. Ke1 Bc2 33. Rb4 Nb2 34. Rb7 Nd3+ 35. Kf1 Nc5 36. Ra7 Rd8 37. Bc3 Rd1+ 38. Kf2 h4 39. Nh5 Bxc3 40. Nxc3 Rd2+ 41. Ne2 Bd3 42. Nhf4 Ba6 43. Ke3 Rb2 44. Rc7 Rb3+ 45. Kd2 Na4 46. Ra7 Rb2+ 47. Kc1 Rb6 48. Nh3 Bxe2 49. Rxa4 Rc6+ 50. Kd2 Bc4 51. Ng5 g6 52. Ne4 Kg7 53. Ke3 e5 54. Nd2 Bb5 55. Rxh4 Rc3+ 56. Kf2 f5 57. Rb4 Rc5 58. Rb2 Rd5 59. Ra2 Kf6 60. Rb2 g5 61. h3 Bd3 62. Rb6+ Kf7 63. Rb4 Bc2 64. Ke2 Ke6 65. Rb6+ Rd6 66. Rxd6+ Kxd6 67. g3 f4 68. gxf4 exf4 69. Kf2 Kd5 70. Nf1 Bf5 71. Kg2 Kd4 72. Nh2 Ke3 73. Nf1+ Ke2 74. Nh2 Be6 75. Nf1 Bxh3+ 0-1

[Event "Sao Paulo Hebraica op 28th"]
[Site "Sao Paulo"]
[Date "2022.01.14"]
[Round "2"]
[White "Ribeiro, Cesar Augusto Basag"]
[Black "Capelo, Martinho Figueira"]
[Result "0-1"]
[WhiteElo "1087"]
[BlackElo "1779"]
[PlyCount "66"]
[EventDate "2022.01.14"]
[EventType "swiss"]
[EventRounds "6"]
[EventCountry "BRA"]
[SourceTitle "CBM 206 Extra"]
[Source "ChessBase"]
[SourceDate "2022.03.31"]
[SourceVersion "1"]
[SourceVersionDate "2022.03.31"]
[SourceQuality "1"]

1. d4 d5 2. c3 Nf6 3. e3 c6 4. Nd2 Bf5 5. Qb3 Qb6 6. Qd1 e6 7. Nb3 Nbd7 8. Nf3 Bd6 9. Nh4 Bg6 10. g3 Be4 11. f3 Bg6 12. f4 Be4 13. Rg1 h6 14. a4 g5 15. a5 Qd8 16. Ng2 a6 17. Nd2 c5 18. Qb3 Qc7 19. g4 cxd4 20. exd4 Bxg2 21. Rxg2 Bxf4 22. Nf3 0-0-0 23. Bd3 e5 24. Bd2 e4 25. Bxa6 exf3 26. Rf2 bxa6 27. Rxf3 Qc4 28. Qa3 Rhe8+ 29. Kf2 Qe2+ 30. Kg1 Bxh2+ 31. Kh1 Qxf3+ 32. Kxh2 Re2+ 33. Kg1 Qg2# 0-1

[Event "Sao Paulo CC Fox op"]
[Site "Sao Paulo"]
[Date "2016.10.08"]
[Round "3"]
[White "Capelo, Martinho Figueira"]
[Black "Santiago, Yago de Moura"]
[Result "0-1"]
[WhiteElo "1831"]
[BlackElo "2453"]
[PlyCount "108"]
[EventDate "2016.10.07"]
[EventType "swiss"]
[EventRounds "6"]
[EventCountry "BRA"]
[SourceTitle "EXT 2018"]
[Source "ChessBase"]
[SourceDate "2017.10.13"]
[SourceVersion "1"]
[SourceVersionDate "2017.10.13"]
[SourceQuality "1"]

1. d4 Nf6 2. c4 c5 3. d5 b5 4. cxb5 a6 5. b6 Qxb6 6. Nc3 g6 7. e4 d6 8. Nf3 Bg7 9. Be2 0-0 10. 0-0 Nbd7 11. Nd2 Qc7 12. a4 Rb8 13. a5 Qd8 14. Nc4 Ne8 15. Na4 Nc7 16. Be3 Nb5 17. Nab6 Nd4 18. Bd3 Nxb6 19. axb6 e6 20. Bf4 e5 21. Be3 f5 22. Bxd4 cxd4 23. Qa4 Rf6 24. Rfc1 Bh6 25. Rc2 fxe4 26. Bxe4 Rf4 27. f3 Bf5 28. Bxf5 gxf5 29. Qc6 d3 30. Rc3 Rd4 31. Qxd6 Qxd6 32. Nxd6 Rxd5 33. Nxf5 Bf8 34. Rd1 Rxb6 35. Rcxd3 Rxd3 36. Rxd3 Rxb2 37. Rd5 Ra2 38. Rxe5 a5 39. Kf1 Bb4 40. Re2 Ra1+ 41. Kf2 Bc5+ 42. Kg3 a4 43. Rc2 Bf8 44. Kf4 a3 45. g4 Rb1 46. Ke3 Rb3+ 47. Ke4 Rb2 48. Kd3 a2 49. Rxb2 a1Q 50. Re2 Qa6+ 51. Ke3 Bc5+ 52. Kd2 Qa2+ 53. Kd3 Qb3+ 54. Ke4 Qc4+ 0-1

[Event "Sao Paulo op-B 3rd"]
[Site "Sao Paulo"]
[Date "2015.09.19"]
[Round "3"]
[White "Capelo, Martinho Figueira"]
[Black "Brujin, Homero"]
[Result "1-0"]
[WhiteElo "1860"]
[BlackElo "1460"]
[PlyCount "83"]
[EventDate "2015.09.17"]
[EventType "swiss"]
[EventRounds "6"]
[EventCountry "BRA"]
[SourceTitle "EXT 2016"]
[Source "ChessBase"]
[SourceDate "2015.10.08"]
[SourceVersion "1"]
[SourceVersionDate "2015.10.08"]
[SourceQuality "1"]

1. e4 d6 2. d4 Nf6 3. Nc3 g6 4. Nf3 Bg7 5. h3 0-0 6. Be3 c6 7. a4 Nbd7 8. Be2 Qc7 9. Nd2 e5 10. dxe5 dxe5 11. Nc4 Rd8 12. Qd6 Qxd6 13. Nxd6 Bf8 14. 0-0-0 Nb6 15. Nxc8 Rdxc8 16. Rd2 Bb4 17. f3 Bxc3 18. bxc3 Nxa4 19. Rd6 Ne8 20. Rd7 Nc7 21. Bc4 Ne6 22. Bxe6 fxe6 23. Rxb7 Nxc3 24. Rxa7 Rxa7 25. Bxa7 Ra8 26. Kd2 Nb5 27. Bc5 Rd8+ 28. Ke3 Nd4 29. Bxd4 exd4+ 30. Kd3 e5 31. Ra1 Rd6 32. Kc4 Kg7 33. Ra7+ Kh6 34. Re7 Kg5 35. g3 Kf6 36. Rxh7 Rd8 37. Rc7 Ra8 38. Rxc6+ Kg7 39. Kd5 Ra3 40. Kxe5 Rxf3 41. Kxd4 Rxg3 42. Rc3 1-0

[Event "Sao Paulo Hebraica 12th"]
[Site "Sao Paulo"]
[Date "2015.08.17"]
[Round "5.3"]
[White "Regensteiner, Valter Scheffer"]
[Black "Capelo, Martinho Figueira"]
[Result "0-1"]
[WhiteElo "1329"]
[BlackElo "1853"]
[PlyCount "80"]
[EventDate "2015.08.15"]
[EventType "tourn"]
[EventRounds "9"]
[EventCountry "BRA"]
[SourceTitle "EXT 2022"]
[Source "ChessBase"]
[SourceDate "2021.10.06"]
[SourceVersion "1"]
[SourceVersionDate "2021.10.06"]
[SourceQuality "1"]

1. g3 d6 2. Bg2 e5 3. e4 Nf6 4. Nc3 Be7 5. Nf3 Bg4 6. 0-0 Qd7 7. h3 Bxh3 8. Bxh3 Qxh3 9. Ng5 Qd7 10. d3 Nc6 11. Nd5 h6 12. Nxf7 Kxf7 13. Nxf6 Bxf6 14. Qh5+ g6 15. Qd1 Kg7 16. c3 Raf8 17. Be3 h5 18. Kg2 g5 19. Qd2 g4 20. Rh1 h4 21. Bg5 h3+ 22. Kh2 Qe7 23. Bxf6+ Qxf6 24. Rhf1 Qh6 25. Qd1 Rf3 26. Qe2 Rhf8 27. Rad1 Qf6 28. Rd2 Kg6 29. b4 b5 30. Qe1 Rxg3 31. fxg3 Qxf1 32. Qxf1 Rxf1 33. Re2 Nd8 34. c4 Ne6 35. cxb5 Ng5 36. Re3 Nf3+ 37. Rxf3 Rxf3 38. b6 cxb6 39. b5 Rxd3 40. a4 d5 0-1

[Event "Sao Paulo Hebraica 12th"]
[Site "Sao Paulo"]
[Date "2015.08.15"]
[Round "2.5"]
[White "Capelo, Martinho Figueira"]
[Black "Luz, Arthur Nader"]
[Result "0-1"]
[WhiteElo "1853"]
[BlackElo "1976"]
[PlyCount "76"]
[EventDate "2015.08.15"]
[EventType "tourn"]
[EventRounds "9"]
[EventCountry "BRA"]
[SourceTitle "EXT 2022"]
[Source "ChessBase"]
[SourceDate "2021.10.06"]
[SourceVersion "1"]
[SourceVersionDate "2021.10.06"]
[SourceQuality "1"]

1. e4 c5 2. c3 e6 3. d4 d5 4. e5 Nc6 5. Nf3 Qb6 6. Bd3 cxd4 7. cxd4 Bd7 8. 0-0 Nxd4 9. Nbd2 Ne7 10. Nxd4 Qxd4 11. Nf3 Qb6 12. Be3 Qc7 13. Rc1 Nc6 14. a3 Be7 15. b4 a6 16. Qb3 0-0 17. Qb1 g6 18. h4 Qb8 19. Rxc6 Bxc6 20. h5 Bb5 21. Bc2 Bxf1 22. Kxf1 Kg7 23. Qc1 Rc8 24. Bh6+ Kg8 25. Qb1 Rxc2 26. Qxc2 Qc8 27. Qd2 Qc4+ 28. Kg1 a5 29. hxg6 hxg6 30. Ng5 Rc8 31. Kh2 Qh4+ 32. Nh3 axb4 33. g3 Qe4 34. axb4 Qxb4 35. Qe2 Qc4 36. Qf3 Qc3 37. Qg4 Qxe5 38. Nf4 Qe4 0-1

[Event "Sao Paulo Hebraica 12th"]
[Site "Sao Paulo"]
[Date "2015.08.15"]
[Round "1.1"]
[White "Capelo, Martinho Figueira"]
[Black "Storch, Debora Landshoff"]
[Result "1-0"]
[WhiteElo "1853"]
[BlackElo "1328"]
[PlyCount "35"]
[EventDate "2015.08.15"]
[EventType "tourn"]
[EventRounds "9"]
[EventCountry "BRA"]
[SourceTitle "EXT 2022"]
[Source "ChessBase"]
[SourceDate "2021.10.06"]
[SourceVersion "1"]
[SourceVersionDate "2021.10.06"]
[SourceQuality "1"]

1. e4 e5 2. Nf3 d6 3. d4 Nf6 4. dxe5 Nxe4 5. Bc4 Be7 6. Bxf7+ Kxf7 7. Qd5+ Be6 8. Qxe4 c6 9. exd6 Qxd6 10. 0-0 g6 11. Bf4 Qd8 12. Nc3 Bf5 13. Ne5+ Kg7 14. Qe2 Qd4 15. Be3 Qxe5 16. Bh6+ Kf6 17. Bg7+ Kxg7 18. Qxe5+ 1-0

[Event "Sao Paulo op-A 2nd"]
[Site "Sao Paulo"]
[Date "2015.02.08"]
[Round "5"]
[White "Van Riemsdijk, Dirk Dagobert"]
[Black "Capelo, Martinho Figueira"]
[Result "1-0"]
[WhiteElo "2107"]
[BlackElo "1867"]
[PlyCount "115"]
[EventDate "2015.02.05"]
[EventType "swiss"]
[EventRounds "6"]
[EventCountry "BRA"]
[SourceTitle "CBM 164 Extra"]
[Source "ChessBase"]
[SourceDate "2015.03.02"]
[SourceVersion "1"]
[SourceVersionDate "2015.03.02"]
[SourceQuality "1"]

1. e4 c5 2. Nf3 g6 3. d4 cxd4 4. Nxd4 Nc6 5. c4 Nf6 6. f3 Qb6 7. Nc2 Bg7 8. Nc3 a5 9. Nb5 a4 10. Be3 Qa5+ 11. Qd2 Qxd2+ 12. Bxd2 0-0 13. Bc3 d6 14. Be2 Bd7 15. 0-0 Rfc8 16. Rfd1 Na5 17. Nba3 Be6 18. Ne3 Nd7 19. Bxg7 Kxg7 20. Rac1 Rc5 21. Rc3 Rac8 22. Rdc1 f5 23. exf5 gxf5 24. f4 Nf6 25. Bf3 Kg6 26. b4 axb3 27. axb3 Nc6 28. Nb5 Nb4 29. Nd4 Bd7 30. Ra1 e5 31. fxe5 dxe5 32. Ndc2 Nxc2 33. Rxc2 e4 34. b4 R5c7 35. Be2 f4 36. Nd1 Bg4 37. Bxg4 Nxg4 38. c5 Kf5 39. Nc3 Rd7 40. Re1 e3 41. Nb5 Nf2 42. Ra2 Rd2 43. Nd6+ Kf6 44. Ra7 Rg8 45. Kf1 Rxg2 46. Kxg2 Nd3+ 47. Kf1 Rf2+ 48. Kg1 Nxe1 49. Ne4+ Ke5 50. Nxf2 Nf3+ 51. Kf1 Nxh2+ 52. Ke2 Kd4 53. Rxb7 f3+ 54. Ke1 h5 55. Rd7+ Kc4 56. c6 Ng4 57. c7 exf2+ 58. Kf1 1-0

[Event "Sao Paulo op-A 2nd"]
[Site "Sao Paulo"]
[Date "2015.02.05"]
[Round "1"]
[White "Dos Santos, Haroldo Cunha Jr"]
[Black "Capelo, Martinho Figueira"]
[Result "1-0"]
[WhiteElo "2160"]
[BlackElo "1867"]
[PlyCount "105"]
[EventDate "2015.02.05"]
[EventType "swiss"]
[EventRounds "6"]
[EventCountry "BRA"]
[SourceTitle "CBM 164 Extra"]
[Source "ChessBase"]
[SourceDate "2015.03.02"]
[SourceVersion "1"]
[SourceVersionDate "2015.03.02"]
[SourceQuality "1"]

1. d4 Nf6 2. Nf3 g6 3. Bf4 Bg7 4. e3 d6 5. Be2 0-0 6. 0-0 Nfd7 7. h3 e5 8. Bh2 e4 9. Nfd2 f5 10. c4 Nf6 11. Nc3 Nc6 12. Qa4 Kh8 13. b4 g5 14. b5 Ne7 15. Qa3 Be6 16. f3 exf3 17. Bxf3 d5 18. cxd5 Nfxd5 19. Nxd5 Bxd5 20. Rac1 f4 21. exf4 Bxd4+ 22. Kh1 gxf4 23. Bxd5 Nxd5 24. Nf3 Bb6 25. Rcd1 Qe7 26. Qxe7 Nxe7 27. Ne5 Ng6 28. Nxg6+ hxg6 29. Bxf4 Rad8 30. g3 Kg8 31. h4 Rfe8 32. Rxd8 Rxd8 33. Kg2 Rd5 34. a4 a6 35. bxa6 bxa6 36. Rc1 Rd4 37. Rc6 Kf7 38. Bxc7 Bxc7 39. Rxc7+ Kg8 40. Rc6 Rxa4 41. Rxg6+ Kh7 42. Rb6 a5 43. Kh3 Rc4 44. h5 Rb4 45. Ra6 a4 46. g4 Rb3+ 47. Kh4 a3 48. Ra7+ Kg8 49. h6 Rc3 50. g5 Rb3 51. g6 Rb4+ 52. Kg5 Rb5+ 53. Kf4 1-0

[Event "Sao Paulo Braga Memorial 3rd"]
[Site "Sao Paulo"]
[Date "2014.12.14"]
[Round "5"]
[White "Hoshino, Karen M"]
[Black "Capelo, Martinho Figueira"]
[Result "1/2-1/2"]
[WhiteElo "1712"]
[BlackElo "1902"]
[PlyCount "119"]
[EventDate "2014.12.12"]
[EventType "swiss"]
[EventRounds "6"]
[EventCountry "BRA"]
[SourceTitle "EXT 2016"]
[Source "ChessBase"]
[SourceDate "2015.10.08"]
[SourceVersion "1"]
[SourceVersionDate "2015.10.08"]
[SourceQuality "1"]

1. d4 d5 2. c4 Nc6 3. Nf3 Bg4 4. cxd5 Bxf3 5. dxc6 Bxc6 6. Nc3 Nf6 7. f3 e5 8. dxe5 Nd7 9. Bf4 g5 10. Bg3 Qe7 11. Qc2 0-0-0 12. 0-0-0 Bg7 13. e6 Qxe6 14. Kb1 Ne5 15. Rxd8+ Rxd8 16. e4 Nc4 17. Bxc4 Qxc4 18. Rc1 Bxc3 19. Qxc3 Qxc3 20. Rxc3 Rd2 21. Rc5 Rxg2 22. Rxg5 Rg1+ 23. Kc2 Rf1 24. Rg8+ Kd7 25. Bh4 Rxf3 26. Rd8+ Ke6 27. Rc8 Bxe4+ 28. Kc1 Kd7 29. Rd8+ Kc6 30. Kd2 f5 31. Rf8 Rd3+ 32. Ke2 Rd7 33. Bg3 Kd5 34. Ke3 Kc4 35. Rc8 c5 36. Be1 Rd3+ 37. Ke2 f4 38. Re8 Bg6 39. Rb8 Re3+ 40. Kf2 Be4 41. b3+ Kb5 42. Rf8 Rh3 43. Rxf4 Rxh2+ 44. Ke3 Bc6 45. Bf2 Rh3+ 46. Ke2 Rc3 47. a4+ Kb6 48. b4 Rc2+ 49. Ke1 Rxf2 50. bxc5+ Kxc5 51. Kxf2 Kb6 52. Rh4 Ka5 53. Ke3 Bxa4 54. Kd2 Bc6 55. Kc1 b5 56. Rxh7 Kb6 57. Kb2 a5 58. Rh5 Be4 59. Re5 Bc6 60. Rxb5+ 1/2-1/2

[Event "Sao Paulo Hebraica op 18th"]
[Site "Sao Paulo"]
[Date "2014.07.19"]
[Round "3"]
[White "Capelo, Martinho Figueira"]
[Black "Tamarozi, Isabelle"]
[Result "0-1"]
[WhiteElo "1966"]
[BlackElo "1730"]
[PlyCount "68"]
[EventDate "2014.07.17"]
[EventType "swiss"]
[EventRounds "6"]
[EventCountry "BRA"]
[SourceTitle "CBM 161 Extra"]
[Source "ChessBase"]
[SourceDate "2014.08.29"]
[SourceVersion "1"]
[SourceVersionDate "2014.08.29"]
[SourceQuality "1"]

1. d4 Nf6 2. c4 g6 3. Nc3 Bg7 4. Nf3 0-0 5. Bf4 d6 6. e3 Nh5 7. Bg5 h6 8. Bh4 g5 9. Nd2 Nf6 10. Bg3 Bf5 11. Qf3 Qc8 12. e4 Bg4 13. Qe3 Nc6 14. d5 Nb4 15. Rc1 a5 16. h4 gxh4 17. Bxh4 Nd7 18. f3 Bh5 19. Bxe7 Bg6 20. Bxf8 Kxf8 21. a3 Na6 22. Rxh6 Ne5 23. Be2 Nc5 24. Rh3 f5 25. Kf2 Kg8 26. Rch1 f4 27. Rh8+ Bxh8 28. Rxh8+ Kxh8 29. Qd4 Qd8 30. b4 axb4 31. axb4 Qh4+ 32. Kg1 Qe1+ 33. Nf1 Nb3 34. Qd1 Qxc3 0-1

[Event "Sao Paulo Hebraica op 18th"]
[Site "Sao Paulo"]
[Date "2014.07.19"]
[Round "4"]
[White "Hoshino, Karen M"]
[Black "Capelo, Martinho Figueira"]
[Result "0-1"]
[WhiteElo "1726"]
[BlackElo "1966"]
[PlyCount "90"]
[EventDate "2014.07.17"]
[EventType "swiss"]
[EventRounds "6"]
[EventCountry "BRA"]
[SourceTitle "CBM 161 Extra"]
[Source "ChessBase"]
[SourceDate "2014.08.29"]
[SourceVersion "1"]
[SourceVersionDate "2014.08.29"]
[SourceQuality "1"]

1. d4 Nf6 2. c4 g6 3. Nc3 Bg7 4. e4 d6 5. f3 a6 6. Be3 c6 7. Bd3 0-0 8. Qd2 b5 9. cxb5 cxb5 10. Nge2 Nc6 11. g4 e5 12. d5 Nd4 13. Bxd4 exd4 14. Nd1 Nd7 15. h4 Ne5 16. Nxd4 Qb6 17. Be2 Qxd4 18. Qxd4 Nxf3+ 19. Bxf3 Bxd4 20. Kd2 Bd7 21. Kd3 Be5 22. Rc1 Rac8 23. Rxc8 Rxc8 24. b3 b4 25. h5 Bb5+ 26. Ke3 Rc2 27. Rg1 Rxa2 28. Rg2 Ra3 29. Rc2 Rxb3+ 30. Kf2 Bd4+ 31. Kg2 Kg7 32. Rc7 Rd3 33. g5 gxh5 34. Bxh5 Be8 35. Rb7 b3 36. Be2 Rd2 37. Kf1 b2 38. Ke1 Rxe2+ 39. Kxe2 Bb5+ 40. Rxb5 axb5 41. Nxb2 Bxb2 42. Kd2 Kg6 43. Kc2 Bd4 44. Kb3 Bc5 45. Kc3 Kxg5 0-1

[Event "Bairro op"]
[Site "Bairro Buritizal"]
[Date "2014.04.11"]
[Round "2"]
[White "Silva, Vinicius Parente"]
[Black "Capelo, Martinho Figueira"]
[Result "1/2-1/2"]
[WhiteElo "1522"]
[BlackElo "2015"]
[PlyCount "89"]
[EventDate "2014.04.11"]
[EventType "swiss"]
[EventRounds "6"]
[EventCountry "BRA"]
[SourceTitle "CBM 160 Extra"]
[Source "ChessBase"]
[SourceDate "2014.07.01"]
[SourceVersion "1"]
[SourceVersionDate "2014.07.01"]
[SourceQuality "1"]

1. Nf3 d5 2. g3 Nf6 3. Bg2 c5 4. 0-0 Nc6 5. d3 e5 6. Nbd2 Be6 7. e4 Be7 8. h3 Qd7 9. Ng5 0-0 10. f4 h6 11. Nxe6 fxe6 12. c3 Rad8 13. Qe2 d4 14. c4 exf4 15. gxf4 Qe8 16. Bf3 e5 17. f5 Rd6 18. Kh2 Qd8 19. Rg1 Nh7 20. Qg2 Bg5 21. Nb3 b6 22. Qg3 Qe7 23. Bxg5 Qxg5 24. a3 g6 25. Bg4 Qf4 26. Qxf4 exf4 27. fxg6 Rxg6 28. Bd7 Ne5 29. Rxg6+ Nxg6 30. Rg1 Kf7 31. Bf5 Rg8 32. Bxg6+ Rxg6 33. Rxg6 Kxg6 34. Kg2 Ng5 35. Nd2 Kf6 36. Nf3 Nf7 37. Kf2 Ke6 38. Ke2 Kf6 39. Nh4 Ne5 40. Nf3 Nf7 41. Kf2 Ke6 42. Kg2 Kf6 43. h4 h5 44. Kf2 Ke6 45. Ke2 1/2-1/2